[Event "POL-ch 47th"]
[Site "Warsaw"]
[Date "1990.??.??"]
[Round "8"]
[White "Sznapik, Aleksander"]
[Black "Dejkalo, Stefan"]
[Result "1-0"]
[WhiteElo "2485"]
[BlackElo "2410"]
[PlyCount "79"]
[EventDate "1990.03.11"]
[EventType "tourn"]
[EventRounds "15"]
[EventCountry "POL"]
[EventCategory "7"]
[SourceTitle "EXT 1997"]
[Source "ChessBase"]
[SourceDate "1996.11.15"]
[SourceVersion "1"]
[SourceVersionDate "1996.11.15"]
[SourceQuality "1"]

1. e4 e5 2. Nf3 Nc6 3. Bb5 Nf6 4. d3 d6 5. c3 g6 6. 0-0 Bg7 7. Re1 0-0 8. Nbd2 Bd7 9. Nf1 Re8 10. a4 d5 11. Bg5 dxe4 12. dxe4 h6 13. Bh4 a6 14. Bc4 Be6 15. Bxe6 Rxe6 16. Qc2 Nb8 17. Ne3 Nbd7 18. Red1 Qe8 19. b4 a5 20. Nd2 Nb6 21. Bxf6 Bxf6 22. Nb3 axb4 23. a5 Nd7 24. cxb4 Rc8 25. Qd3 Nb8 26. b5 Be7 27. a6 bxa6 28. bxa6 Nc6 29. Nd5 Nb4 30. Nxb4 Bxb4 31. Qc4 Rb6 32. a7 Bd6 33. Ra6 Rb4 34. Qd5 Ra8 35. Na5 Rb5 36. Qa2 Qc8 37. Nc4 Qb7 38. h3 Qxe4 39. Raxd6 cxd6 40. Nxd6 1-0

[Event "Capablanca Memorial-B 24th"]
[Site "Holguin"]
[Date "1989.06.03"]
[Round "11"]
[White "Dejkalo, Stefan"]
[Black "Espig, Lutz"]
[Result "0-1"]
[WhiteElo "2410"]
[BlackElo "2470"]
[PlyCount "66"]
[EventDate "1989.05.22"]
[EventType "tourn"]
[EventRounds "13"]
[EventCountry "CUB"]
[EventCategory "7"]
[SourceTitle "EXT 2012"]
[Source "ChessBase"]
[SourceDate "2011.11.24"]
[SourceVersion "1"]
[SourceVersionDate "2011.11.24"]
[SourceQuality "1"]

1. d4 d6 2. e4 Nf6 3. Nc3 g6 4. Nf3 Bg7 5. h3 0-0 6. Be3 c6 7. a4 d5 8. e5 Ne4 9. Nxe4 dxe4 10. Ng5 c5 11. Nxe4 cxd4 12. Bxd4 Nc6 13. Bc3 Bxe5 14. Bxe5 Nxe5 15. Qxd8 Rxd8 16. f4 Rd4 17. Bd3 Nxd3+ 18. cxd3 Rxd3 19. 0-0 Rd4 20. Nc3 Be6 21. Rae1 Rc8 22. Rf2 Rcc4 23. g3 Kf8 24. Rfe2 Rd3 25. Kh2 h5 26. h4 Bg4 27. Rf2 Bd7 28. a5 Bc6 29. Ree2 Rc5 30. Re5 Rxe5 31. fxe5 Re3 32. Re2 Rf3 33. Kh3 a6 0-1

[Event "Prague Bohemians-B"]
[Site "Prague"]
[Date "1989.??.??"]
[Round "?"]
[White "Dejkalo, Stefan"]
[Black "Choleva, Zdenek"]
[Result "1-0"]
[WhiteElo "2410"]
[BlackElo "2235"]
[PlyCount "117"]
[EventDate "1989.01.??"]
[EventType "tourn"]
[EventRounds "13"]
[EventCountry "CZE"]
[EventCategory "4"]
[SourceTitle "EXT 1997"]
[Source "ChessBase"]
[SourceDate "1996.11.15"]
[SourceVersion "1"]
[SourceVersionDate "1996.11.15"]
[SourceQuality "1"]

1. c4 Nf6 2. Nc3 e6 3. Nf3 d5 4. d4 Be7 5. Bg5 0-0 6. e3 Ne4 7. Bxe7 Qxe7 8. Rc1 c6 9. Bd3 f5 10. 0-0 Nd7 11. a3 Kh8 12. b4 e5 13. dxe5 Nxc3 14. Rxc3 dxc4 15. Bxc4 Nxe5 16. Nxe5 Qxe5 17. Qd2 Be6 18. Rd1 Bxc4 19. Rxc4 Rae8 20. g3 h6 21. h4 Re6 22. Rd4 Kh7 23. Qd3 Kh8 24. Kg2 Re7 25. Rc1 Qf6 26. Rcc4 Qe5 27. Rf4 Ref7 28. h5 Qe7 29. Rcd4 Qg5 30. Qd1 Qe7 31. Rd6 Qe5 32. Qd4 Qxd4 33. exd4 Kg8 34. d5 Rf6 35. Rxf6 Rxf6 36. dxc6 bxc6 37. Kf3 Kf7 38. Rc4 Rd6 39. Ke3 Kf6 40. f4 Ke6 41. Rc5 Kf6 42. Ra5 Re6+ 43. Kd4 g5 44. hxg6 Re7 45. Kc5 Kxg6 46. Kxc6 Rh7 47. Rb5 Re7 48. Rb7 Re6+ 49. Kb5 a6+ 50. Ka5 Kh5 51. Rb6 Re3 52. a4 Rxg3 53. Rxa6 Kg4 54. Rxh6 Kxf4 55. b5 Ke4 56. b6 f4 57. b7 Rg8 58. Ka6 f3 59. Ka7 1-0

[Event "Berliner Sommer 07th"]
[Site "Berlin West"]
[Date "1989.??.??"]
[Round "?"]
[White "Dejkalo, Stefan"]
[Black "Gheorghiu, Florin"]
[Result "1/2-1/2"]
[WhiteElo "2410"]
[BlackElo "2515"]
[PlyCount "80"]
[EventDate "1989.08.12"]
[EventType "swiss"]
[EventRounds "9"]
[EventCountry "GER"]
[SourceTitle "EXT 2008"]
[Source "ChessBase"]
[SourceDate "2007.11.25"]
[SourceVersion "1"]
[SourceVersionDate "2007.11.25"]
[SourceQuality "1"]

1. d4 c5 2. d5 e5 3. c4 d6 4. e4 g6 5. Nc3 a6 6. g3 Bh6 7. Bg2 Kf8 8. Bxh6+ Nxh6 9. Nf3 Kg7 10. Qd2 Bd7 11. 0-0 b5 12. a3 Qb6 13. Ng5 b4 14. Nd1 Re8 15. Ne3 Ng4 16. Nxg4 Bxg4 17. f4 f6 18. f5 fxg5 19. f6+ Kh8 20. Qxg5 Rf8 21. Qxg4 Ra7 22. Qh4 Raf7 23. g4 g5 24. Qxg5 Nd7 25. Rf5 bxa3 26. bxa3 Rxf6 27. Raf1 Qd8 28. Qh5 Rg8 29. g5 Rxf5 30. Rxf5 Nf8 31. Qh6 Qe7 32. h4 Ng6 33. Rf6 Rg7 34. Bh3 Nxh4 35. Kh2 Rxg5 36. Bf5 Nf3+ 37. Kh3 Ng1+ 38. Kh2 Nf3+ 39. Kh3 Ng1+ 40. Kh4 Nf3+ 1/2-1/2

[Event "Prague Bohemians-B"]
[Site "Prague"]
[Date "1989.??.??"]
[Round "?"]
[White "Dejkalo, Stefan"]
[Black "Wach, Markus"]
[Result "1-0"]
[WhiteElo "2410"]
[BlackElo "2235"]
[PlyCount "53"]
[EventDate "1989.01.??"]
[EventType "tourn"]
[EventRounds "13"]
[EventCountry "CZE"]
[EventCategory "4"]
[SourceTitle "EXT 1997"]
[Source "ChessBase"]
[SourceDate "1996.11.15"]
[SourceVersion "1"]
[SourceVersionDate "1996.11.15"]
[SourceQuality "1"]

1. d4 Nf6 2. c4 c5 3. d5 b5 4. cxb5 a6 5. f3 e6 6. e4 Bb7 7. Nc3 exd5 8. e5 Nh5 9. Nh3 d4 10. Ne4 d5 11. exd6 Bxd6 12. bxa6 Bxe4 13. fxe4 Qh4+ 14. Nf2 Bxh2 15. Qf3 0-0 16. g4 Ng3 17. Rxh2 Qxh2 18. Bf4 Nxa6 19. a3 Ra7 20. Qxg3 Qxg3 21. Bxg3 Rc8 22. Rc1 Raa8 23. Kd2 h6 24. Bb5 Nc7 25. Bd7 Rd8 26. Bc6 Rab8 27. Nd3 1-0

[Event "Budapest Spring op 05th"]
[Site "Budapest"]
[Date "1989.??.??"]
[Round "?"]
[White "Jakobetz, Laszlo"]
[Black "Dejkalo, Stefan"]
[Result "0-1"]
[WhiteElo "2285"]
[BlackElo "2410"]
[PlyCount "101"]
[EventDate "1989.03.18"]
[EventType "swiss"]
[EventRounds "9"]
[EventCountry "HUN"]
[SourceTitle "TD"]
[Source "ChessBase"]
[SourceDate "1994.03.01"]
[SourceVersion "1"]
[SourceVersionDate "1994.03.01"]
[SourceQuality "1"]

1. d4 e6 2. c4 f5 3. g3 Nf6 4. Bg2 Be7 5. Nf3 0-0 6. 0-0 c6 7. b3 a5 8. a3 d5 9. Nbd2 Bd7 10. Bb2 Bd6 11. Ne5 Be8 12. Ndf3 Nbd7 13. Nd3 Qe7 14. Nfe5 g5 15. f3 Qg7 16. Qd2 h6 17. Bc3 Bc7 18. Nc5 Nxc5 19. dxc5 Rd8 20. Qb2 d4 21. Bxd4 Rxd4 22. Qxd4 Nd7 23. f4 Nxe5 24. fxe5 Bxe5 25. Qd1 Bd4+ 26. Kh1 Bxa1 27. Qxa1 Qxa1 28. Rxa1 Bh5 29. Rd1 Bxe2 30. Re1 Rd8 31. Bxc6 bxc6 32. Rxe2 Kf7 33. Rb2 Rd4 34. Kg2 Kf6 35. Kf2 e5 36. Ke2 e4 37. Rc2 Rd8 38. b4 axb4 39. axb4 Rb8 40. b5 Ke5 41. Rd2 cxb5 42. Rd5+ Ke6 43. Rd6+ Ke7 44. cxb5 Rxb5 45. Rxh6 Rxc5 46. Ke3 Rc3+ 47. Kf2 f4 48. Rg6 Rc2+ 49. Kg1 e3 50. Rxg5 Rc1+ 51. Kg2 0-1

[Event "Prague Bohemians-B"]
[Site "Prague"]
[Date "1989.??.??"]
[Round "?"]
[White "Kolasinski, Marek"]
[Black "Dejkalo, Stefan"]
[Result "1/2-1/2"]
[WhiteElo "2305"]
[BlackElo "2410"]
[PlyCount "34"]
[EventDate "1989.01.??"]
[EventType "tourn"]
[EventRounds "13"]
[EventCountry "CZE"]
[EventCategory "4"]
[SourceTitle "EXT 1997"]
[Source "ChessBase"]
[SourceDate "1996.11.15"]
[SourceVersion "1"]
[SourceVersionDate "1996.11.15"]
[SourceQuality "1"]

1. d4 Nf6 2. c4 e6 3. Nc3 Bb4 4. e3 c5 5. Bd3 Nc6 6. Nge2 cxd4 7. exd4 d5 8. cxd5 Nxd5 9. 0-0 0-0 10. Bc2 Re8 11. Qd3 g6 12. Rd1 Bf8 13. Qf3 Bg7 14. Ne4 f5 15. N4c3 Nxc3 16. bxc3 e5 17. Rb1 exd4 1/2-1/2

[Event "Prague Bohemians-B"]
[Site "Prague"]
[Date "1989.??.??"]
[Round "?"]
[White "Streitberg, Petr"]
[Black "Dejkalo, Stefan"]
[Result "1/2-1/2"]
[WhiteElo "2275"]
[BlackElo "2410"]
[PlyCount "45"]
[EventDate "1989.01.??"]
[EventType "tourn"]
[EventRounds "13"]
[EventCountry "CZE"]
[EventCategory "4"]
[SourceTitle "EXT 1997"]
[Source "ChessBase"]
[SourceDate "1996.11.15"]
[SourceVersion "1"]
[SourceVersionDate "1996.11.15"]
[SourceQuality "1"]

1. d4 e6 2. c4 f5 3. g3 Nf6 4. Bg2 Be7 5. Nf3 0-0 6. 0-0 c6 7. b3 Na6 8. Bb2 Rb8 9. Nbd2 Qe8 10. Ne5 d6 11. Nd3 d5 12. Rc1 b6 13. Nf3 Bb7 14. cxd5 exd5 15. Nfe5 Bd6 16. e3 c5 17. Qe2 Qe7 18. Rfd1 Rfd8 19. h3 Rbc8 20. Kh2 Rc7 21. Nf4 Nb8 22. Rc2 Ne4 23. Qh5 1/2-1/2

[Event "Prague Bohemians-B"]
[Site "Prague"]
[Date "1989.??.??"]
[Round "?"]
[White "Vanka, Miloslav"]
[Black "Dejkalo, Stefan"]
[Result "1/2-1/2"]
[WhiteElo "2265"]
[BlackElo "2410"]
[PlyCount "78"]
[EventDate "1989.01.??"]
[EventType "tourn"]
[EventRounds "13"]
[EventCountry "CZE"]
[EventCategory "4"]
[SourceTitle "EXT 1997"]
[Source "ChessBase"]
[SourceDate "1996.11.15"]
[SourceVersion "1"]
[SourceVersionDate "1996.11.15"]
[SourceQuality "1"]

1. e4 c5 2. Nc3 e6 3. f4 a6 4. Nf3 b5 5. d3 d5 6. Qe2 Be7 7. g3 Nf6 8. Bg2 Bb7 9. e5 Nfd7 10. 0-0 g6 11. Bd2 Nc6 12. f5 gxf5 13. Nxd5 exd5 14. e6 fxe6 15. Qxe6 Nf6 16. Ng5 Rf8 17. Qxf5 Nd4 18. Qh3 Bc8 19. Qh4 Nf5 20. Qf4 Qd6 21. Qf2 h6 22. Bf4 Qb6 23. Nf3 Be6 24. Rae1 0-0-0 25. Qe2 Bd7 26. Bh3 Rde8 27. Ne5 Nd4 28. Qg2 Bxh3 29. Qxh3+ Qe6 30. Qxe6+ Nxe6 31. Ng6 Rg8 32. Nxe7+ Rxe7 33. Bd6 Kd7 34. Bxe7 Kxe7 35. Rf5 Rg6 36. Rfe5 Nd7 37. Rxd5 Rf6 38. Rh5 Kd6 39. Rf1 Rg6 1/2-1/2

[Event "POL-chT 44th"]
[Site "Krynica"]
[Date "1988.10.??"]
[Round "6"]
[White "Dejkalo, Stefan"]
[Black "Kurlenda, Adam"]
[Result "1-0"]
[WhiteElo "2395"]
[BlackElo "2260"]
[PlyCount "53"]
[EventDate "1988.10.01"]
[EventType "team-tourn"]
[EventRounds "11"]
[EventCountry "POL"]
[SourceTitle "EXT 2019"]
[Source "ChessBase"]
[SourceDate "2018.10.10"]
[SourceVersion "1"]
[SourceVersionDate "2018.10.10"]
[SourceQuality "1"]
[WhiteTeam "Warszawa Polonia"]
[BlackTeam "Bydgoszcz Chemik"]
[WhiteTeamCountry "POL"]
[BlackTeamCountry "POL"]

1. g3 Nf6 2. Bg2 d5 3. Nf3 g6 4. b3 Bg7 5. Bb2 c6 6. 0-0 0-0 7. c4 Nbd7 8. d4 Ne4 9. cxd5 cxd5 10. Nbd2 f5 11. Qc2 Nxd2 12. Qxd2 Nf6 13. Rac1 Qd6 14. Rc2 Bd7 15. Qa5 b6 16. Qa6 Bc8 17. Qa3 Ne4 18. Rfc1 Bb7 19. Rc7 Rfb8 20. Ne5 Qxa3 21. Bxa3 e6 22. Nd7 Bxd4 23. e3 Bg7 24. Nxb8 Rxb8 25. f3 Ng5 26. h4 Nf7 27. Rxb7 1-0

[Event "Prague Bohemians"]
[Site "Prague"]
[Date "1988.??.??"]
[Round "?"]
[White "Danner, Georg"]
[Black "Dejkalo, Stefan"]
[Result "0-1"]
[WhiteElo "2425"]
[BlackElo "2390"]
[PlyCount "70"]
[EventDate "1988.01.??"]
[EventType "tourn"]
[EventRounds "13"]
[EventCountry "CZE"]
[EventCategory "7"]
[SourceTitle "CBM 008"]
[Source "ChessBase"]
[SourceDate "1989.02.01"]
[SourceVersion "1"]
[SourceVersionDate "1989.02.01"]
[SourceQuality "1"]

1. d4 e6 2. c4 f5 3. g3 Nf6 4. Bg2 d5 5. Nf3 c6 6. 0-0 Bd6 7. b3 Qe7 8. a4 a5 9. Ba3 Bxa3 10. Nxa3 0-0 11. Ne5 b6 12. Qd2 Bb7 13. Rfc1 Na6 14. cxd5 cxd5 15. Nb5 Rfc8 16. h3 Nb4 17. g4 Ne4 18. Bxe4 dxe4 19. Rxc8+ Rxc8 20. Rc1 Rxc1+ 21. Qxc1 Nd5 22. Qc4 e3 23. Nf3 Nf4 24. fxe3 Nxh3+ 25. Kh2 fxg4 26. Ne5 Nf2 27. Kg1 Qf6 28. Nd3 g3 29. Nf4 Qe7 30. d5 Qh4 31. Kg2 Qh1+ 32. Kxg3 Ne4+ 33. Qxe4 Qxe4 34. dxe6 g5 35. Nh3 Qg2# 0-1

[Event "Prague Bohemians"]
[Site "Prague"]
[Date "1988.??.??"]
[Round "?"]
[White "Dejkalo, Stefan"]
[Black "Karolyi, Tibor Jr"]
[Result "1/2-1/2"]
[WhiteElo "2390"]
[BlackElo "2475"]
[PlyCount "57"]
[EventDate "1988.01.??"]
[EventType "tourn"]
[EventRounds "13"]
[EventCountry "CZE"]
[EventCategory "7"]
[SourceTitle "CBM 008"]
[Source "ChessBase"]
[SourceDate "1989.02.01"]
[SourceVersion "1"]
[SourceVersionDate "1989.02.01"]
[SourceQuality "1"]

1. d4 d5 2. c4 dxc4 3. e4 c5 4. d5 e6 5. Bxc4 Nf6 6. Nc3 exd5 7. Nxd5 Nxd5 8. Bxd5 Be7 9. Qb3 0-0 10. Nf3 Qb6 11. Ne5 Be6 12. Bxe6 fxe6 13. Qxb6 axb6 14. 0-0 Ra4 15. Re1 Bf6 16. Nf3 Nc6 17. e5 Be7 18. Bd2 Rd8 19. Kf1 h6 20. a3 Rd5 21. Rad1 b5 22. Bc3 Rf4 23. b3 g5 24. h3 Rf8 25. Ke2 Ra8 26. Ra1 Kf8 27. Ke3 c4 28. bxc4 bxc4 29. Ke4 1/2-1/2

[Event "Porabka"]
[Site "Porabka"]
[Date "1987.??.??"]
[Round "1"]
[White "Bany, Jerzy"]
[Black "Dejkalo, Stefan"]
[Result "1/2-1/2"]
[WhiteElo "2430"]
[BlackElo "2395"]
[PlyCount "32"]
[EventDate "1987.??.??"]
[EventType "tourn"]
[EventRounds "13"]
[EventCountry "POL"]
[EventCategory "6"]
[SourceTitle "EXT 1997"]
[Source "ChessBase"]
[SourceDate "1996.11.15"]
[SourceVersion "1"]
[SourceVersionDate "1996.11.15"]
[SourceQuality "1"]

1. d4 f5 2. Nf3 Nf6 3. g3 e6 4. Bg2 d5 5. 0-0 Bd6 6. c4 c6 7. b3 Qe7 8. Nbd2 0-0 9. Ne5 b6 10. cxd5 exd5 11. Ndf3 Ne4 12. Qc2 Bb7 13. Bb2 Na6 14. Rfc1 Rac8 15. e3 Nc7 16. Qe2 c5 1/2-1/2

[Event "Porabka"]
[Site "Porabka"]
[Date "1987.??.??"]
[Round "10"]
[White "Dejkalo, Stefan"]
[Black "Bielczyk, Jacek"]
[Result "0-1"]
[WhiteElo "2395"]
[BlackElo "2385"]
[PlyCount "56"]
[EventDate "1987.??.??"]
[EventType "tourn"]
[EventRounds "13"]
[EventCountry "POL"]
[EventCategory "6"]
[SourceTitle "EXT 1997"]
[Source "ChessBase"]
[SourceDate "1996.11.15"]
[SourceVersion "1"]
[SourceVersionDate "1996.11.15"]
[SourceQuality "1"]

1. c4 g6 2. d4 Bg7 3. Nc3 d6 4. e4 e5 5. Nf3 Nd7 6. d5 Ngf6 7. h3 Nc5 8. Qc2 a5 9. Be3 Qe7 10. Nd2 Nh5 11. g3 f5 12. exf5 gxf5 13. 0-0-0 Nf6 14. Be2 0-0 15. g4 e4 16. Rdg1 Kh8 17. Nf1 f4 18. Bxc5 dxc5 19. g5 Nd7 20. Bg4 e3 21. fxe3 Ne5 22. Bxc8 Raxc8 23. Qe4 fxe3 24. Kb1 Rce8 25. Rg3 Nf3 26. Rxf3 Qxe4+ 27. Nxe4 Rxf3 28. Nh2 Rxh3 0-1

[Event "POL-chT 43rd"]
[Site "Jachranka"]
[Date "1987.??.??"]
[Round "6"]
[White "Dejkalo, Stefan"]
[Black "Borkowski, Franciszek"]
[Result "1/2-1/2"]
[WhiteElo "2355"]
[BlackElo "2450"]
[PlyCount "138"]
[EventDate "1987.09.23"]
[EventType "team-tourn"]
[EventRounds "11"]
[EventCountry "POL"]
[SourceTitle "EXT 2019"]
[Source "ChessBase"]
[SourceDate "2018.10.10"]
[SourceVersion "1"]
[SourceVersionDate "2018.10.10"]
[SourceQuality "1"]
[WhiteTeam "Warszawa Polonia"]
[BlackTeam "Wroclaw Maraton"]
[WhiteTeamCountry "POL"]
[BlackTeamCountry "POL"]

1. d4 Nf6 2. c4 g6 3. Nc3 Bg7 4. e4 d6 5. Bd3 e5 6. Nge2 Nbd7 7. h3 0-0 8. 0-0 c6 9. Be3 exd4 10. Bxd4 Ne5 11. f4 Nxd3 12. Qxd3 a6 13. Rad1 Qa5 14. b3 b5 15. c5 dxc5 16. Bxc5 Re8 17. e5 Bf5 18. Qf3 Nd7 19. Bd6 b4 20. Na4 Be6 21. Qxc6 Rac8 22. Qe4 Bf8 23. Bxf8 Nxf8 24. Rd2 Bd7 25. Ng3 Bxa4 26. bxa4 Rc3 27. Qe1 f5 28. Ne2 Ra3 29. Qc1 Rxa4 30. Qc4+ Ne6 31. Rd5 Qc7 32. Qb3 Qb6+ 33. Kh1 Ra3 34. Qc4 Re3 35. Rd6 Qb5 36. Qxb5 axb5 37. Nc1 Nc5 38. Kg1 Ne4 39. Rd4 Rc8 40. Rdd1 Ng3 41. Rf2 Ne4 42. Rb2 Nc3 43. Rf1 Rc4 44. Kh2 h5 45. h4 Nd5 46. Ne2 Ree4 47. g3 Ne3 48. Rfb1 Kf7 49. Kg1 Ng4 50. Rd2 Ne3 51. Rb3 Rc7 52. Kf2 Nc4 53. Rc2 Rd7 54. Rxb4 Nxe5 55. Rxe4 Ng4+ 56. Ke1 fxe4 57. Rd2 Rc7 58. Rb2 Rc5 59. Nd4 Rc1+ 60. Kd2 Rg1 61. Nxb5 e3+ 62. Kd3 Rxg3 63. Nd6+ Ke6 64. Nc4 Kd5 65. Rb5+ Kc6 66. a4 Rh3 67. Rb6+ Kc5 68. Rb5+ Kc6 69. Rb6+ Kc5 1/2-1/2

[Event "Warsaw Cup"]
[Site "Warsaw"]
[Date "1987.??.??"]
[Round "5"]
[White "Dejkalo, Stefan"]
[Black "Czerwonski, Aleksander"]
[Result "0-1"]
[WhiteElo "2395"]
[BlackElo "2315"]
[PlyCount "66"]
[EventDate "1987.04.??"]
[EventType "swiss"]
[EventRounds "11"]
[EventCountry "POL"]
[SourceTitle "EXT 2001"]
[Source "ChessBase"]
[SourceDate "2000.11.22"]
[SourceVersion "1"]
[SourceVersionDate "2000.11.22"]
[SourceQuality "1"]

1. d4 Nf6 2. c4 e6 3. Nc3 d5 4. Bg5 Be7 5. cxd5 exd5 6. e3 c6 7. Bd3 Nbd7 8. Qc2 0-0 9. Nge2 Re8 10. h3 Nf8 11. 0-0-0 Ne4 12. Bxe7 Qxe7 13. Bxe4 dxe4 14. g4 Be6 15. Qxe4 a5 16. Nf4 a4 17. Nxe6 Nxe6 18. h4 a3 19. b3 Qb4 20. Qc2 c5 21. Nd5 Qb5 22. dxc5 Rac8 23. Kb1 Nxc5 24. h5 Qc6 25. f3 h6 26. Qd2 Qe6 27. e4 Nxe4 28. fxe4 Qxe4+ 29. Qd3 Qg2 30. Qd4 Re4 31. Ne3 Rxe3 32. Rhg1 Qc2+ 33. Ka1 Re2 0-1

[Event "Warsaw Cup"]
[Site "Warsaw"]
[Date "1987.??.??"]
[Round "2"]
[White "Dejkalo, Stefan"]
[Black "Gdanski, Przemyslaw"]
[Result "1/2-1/2"]
[WhiteElo "2395"]
[BlackElo "2300"]
[PlyCount "111"]
[EventDate "1987.04.??"]
[EventType "swiss"]
[EventRounds "11"]
[EventCountry "POL"]
[SourceTitle "EXT 2001"]
[Source "ChessBase"]
[SourceDate "2000.11.22"]
[SourceVersion "1"]
[SourceVersionDate "2000.11.22"]
[SourceQuality "1"]

1. d4 Nf6 2. c4 c5 3. Nf3 cxd4 4. Nxd4 a6 5. Nc3 d5 6. cxd5 Nxd5 7. Bd2 e5 8. Nb3 Nc6 9. g3 Be6 10. Bg2 Rc8 11. 0-0 Be7 12. Qb1 0-0 13. Rd1 Nxc3 14. Bxc3 Qb6 15. Be4 g6 16. h4 Rfd8 17. Rxd8+ Rxd8 18. h5 f5 19. Bxc6 Qxc6 20. Bxe5 Bxb3 21. axb3 Qb5 22. Bc3 Qxe2 23. b4 Kf7 24. Qa2+ Qe6 25. Qa5 Rd5 26. Qa4 Bf6 27. Re1 Be5 28. Qc2 Qd6 29. Qe2 Kf6 30. Qe3 Bxc3 31. Qxc3+ Kg5 32. hxg6 hxg6 33. Qc1+ Kf6 34. Qc3+ Kg5 35. Kg2 Rd2 36. Qe3+ Kf6 37. Qc3+ Kg5 38. Qe3+ Kf6 39. Qc3+ Kg5 40. Qh8 Qd4 41. Qxd4 Rxd4 42. b5 axb5 43. Re2 Rd3 44. f3 b4 45. Kf2 b3 46. Kg2 Rd1 47. Kh3 Rh1+ 48. Kg2 Rc1 49. Re7 Rc2+ 50. Kh3 Rxb2 51. Rxb7 Rb1 52. Rb6 b2 53. Kg2 Kh5 54. Rb5 Kh6 55. Rb7 Kg5 56. Rb6 1/2-1/2

[Event "POL-chT 43rd"]
[Site "Jachranka"]
[Date "1987.??.??"]
[Round "4"]
[White "Dejkalo, Stefan"]
[Black "Matlak, Marek"]
[Result "0-1"]
[WhiteElo "2355"]
[BlackElo "2440"]
[PlyCount "60"]
[EventDate "1987.09.23"]
[EventType "team-tourn"]
[EventRounds "11"]
[EventCountry "POL"]
[SourceTitle "EXT 2019"]
[Source "ChessBase"]
[SourceDate "2018.10.10"]
[SourceVersion "1"]
[SourceVersionDate "2018.10.10"]
[SourceQuality "1"]
[WhiteTeam "Warszawa Polonia"]
[BlackTeam "Bielsko-Biala Wlokniarz"]
[WhiteTeamCountry "POL"]
[BlackTeamCountry "POL"]

1. Nf3 d5 2. g3 Nf6 3. Bg2 Bf5 4. c4 e6 5. d3 c6 6. cxd5 exd5 7. 0-0 Bc5 8. Qa4 0-0 9. Bg5 Nbd7 10. Nc3 h6 11. Bxf6 Nxf6 12. e4 dxe4 13. dxe4 Bh7 14. Qc4 Qe7 15. e5 Nd7 16. Rfe1 Rad8 17. a3 Nb6 18. Qg4 Qd7 19. Qxd7 Rxd7 20. Ne4 Be7 21. Bf1 Rfd8 22. Kg2 a5 23. b3 Kf8 24. Ra2 Rd1 25. Rxd1 Rxd1 26. Ned2 Rc1 27. a4 Nd5 28. Nc4 Bb4 29. Nd4 Bb1 30. Rb2 Bc3 0-1

[Event "POL-ch 44th"]
[Site "Wroslaw"]
[Date "1987.??.??"]
[Round "?"]
[White "Dejkalo, Stefan"]
[Black "Przewoznik, Jan"]
[Result "0-1"]
[WhiteElo "2395"]
[BlackElo "2430"]
[PlyCount "120"]
[EventDate "1987.03.18"]
[EventType "tourn"]
[EventRounds "19"]
[EventCountry "POL"]
[EventCategory "7"]
[SourceTitle "EXT 1997"]
[Source "ChessBase"]
[SourceDate "1996.11.15"]
[SourceVersion "1"]
[SourceVersionDate "1996.11.15"]
[SourceQuality "1"]

1. c4 Nf6 2. Nc3 e6 3. Nf3 c5 4. e3 d5 5. d4 Nc6 6. a3 a6 7. dxc5 Bxc5 8. b4 Ba7 9. Bb2 0-0 10. Qc2 Qe7 11. Bd3 dxc4 12. Bxc4 b5 13. Bd3 Bb7 14. Ng5 h6 15. Nge4 Ne5 16. Nxf6+ Qxf6 17. Be4 Bxe4 18. Nxe4 Nd3+ 19. Qxd3 Qxb2 20. 0-0 Rfd8 21. Qb1 Qxb1 22. Rfxb1 f5 23. Ng3 Bb8 24. a4 Be5 25. Ra2 Kf7 26. Kf1 Ke7 27. Ke2 Rac8 28. f4 Bc3 29. axb5 axb5 30. Rc2 Bf6 31. Rbc1 Rxc2+ 32. Rxc2 g5 33. fxg5 hxg5 34. Rc5 Rb8 35. e4 Bd4 36. Rc2 f4 37. Nf1 g4 38. h3 gxh3 39. gxh3 Rh8 40. Rd2 e5 41. Nh2 Rc8 42. Ng4 Rc4 43. Nh6 Rxb4 44. Nf5+ Kf6 45. Kf3 Rc4 46. h4 b4 47. Ra2 Rc3+ 48. Kg4 Ra3 49. Rc2 Bc3 50. h5 Ra7 51. Rc1 Rb7 52. Rd1 b3 53. Rd6+ Kf7 54. h6 Kg8 55. Kh5 Kh7 56. Nh4 b2 57. Nf3 Rb8 58. Ng5+ Kh8 59. h7 b1Q 60. Kg6 Qb7 0-1

[Event "POL-ch sf"]
[Site "Gdynia"]
[Date "1987.??.??"]
[Round "4"]
[White "Dejkalo, Stefan"]
[Black "Przewoznik, Jan"]
[Result "1-0"]
[WhiteElo "2395"]
[BlackElo "2430"]
[PlyCount "107"]
[EventDate "1987.??.??"]
[EventType "swiss"]
[EventRounds "13"]
[EventCountry "POL"]
[SourceTitle "EXT 1998"]
[Source "ChessBase"]
[SourceDate "1997.11.17"]
[SourceVersion "1"]
[SourceVersionDate "1997.11.17"]
[SourceQuality "1"]

1. Nf3 Nf6 2. g3 d5 3. Bg2 Bg4 4. c4 c6 5. cxd5 cxd5 6. Qb3 Bxf3 7. Bxf3 Qd7 8. Nc3 e6 9. 0-0 Nc6 10. Bg2 Be7 11. d3 0-0 12. Bd2 Nd4 13. Qd1 Rfc8 14. a3 h6 15. Re1 Rab8 16. Rc1 b5 17. e3 Nc6 18. e4 dxe4 19. dxe4 e5 20. Nd5 Nd4 21. Rxc8+ Rxc8 22. Be3 Bc5 23. Nxf6+ gxf6 24. Qh5 Kg7 25. Bh3 Ne6 26. Rd1 Qc6 27. Bf5 Rh8 28. Qg4+ Ng5 29. h4 h5 30. Qe2 Ne6 31. Bxe6 fxe6 32. Kh2 Kg6 33. g4 Kf7 34. g5 Bd4 35. Bxd4 exd4 36. Rxd4 Qc7+ 37. Kh3 fxg5 38. Qxb5 gxh4 39. Kg2 Qf4 40. Rd7+ Kg6 41. Rxa7 Qxe4+ 42. Kg1 Qe1+ 43. Kg2 Qe4+ 44. Kg1 Qe1+ 45. Qf1 Qe4 46. Qc1 Qe5 47. Qc2+ Kf6 48. Qd2 h3 49. Ra5 Qb8 50. Qe2 e5 51. Ra6+ Kf5 52. Qd3+ e4 53. Qd7+ Kf4 54. Rf6+ 1-0

[Event "Porabka"]
[Site "Porabka"]
[Date "1987.??.??"]
[Round "2"]
[White "Dejkalo, Stefan"]
[Black "Riemersma, Liafbern"]
[Result "1/2-1/2"]
[WhiteElo "2395"]
[BlackElo "2395"]
[PlyCount "45"]
[EventDate "1987.??.??"]
[EventType "tourn"]
[EventRounds "13"]
[EventCountry "POL"]
[EventCategory "6"]
[SourceTitle "EXT 1997"]
[Source "ChessBase"]
[SourceDate "1996.11.15"]
[SourceVersion "1"]
[SourceVersionDate "1996.11.15"]
[SourceQuality "1"]

1. d4 Nf6 2. c4 e6 3. Nf3 b6 4. g3 Ba6 5. Nbd2 Bb7 6. Bg2 c5 7. 0-0 cxd4 8. Nxd4 Bxg2 9. Kxg2 Nc6 10. N2f3 Nxd4 11. Qxd4 Bc5 12. Qd3 d5 13. Bg5 0-0 14. Rab1 dxc4 15. Qxc4 Be7 16. Rfd1 Rc8 17. Qa6 Nd5 18. e4 Bxg5 19. exd5 exd5 20. Qxa7 Bf6 21. Qb7 Rc2 22. Rxd5 Qa8 23. Qxa8 1/2-1/2